000
00313nam a22001337a 4500
008
190205b xxu||||| |||| 00| 0 eng d
020
_a
394002451
041
_a
eng
080
_2
3rd
_a
940
100
_a
17
101
_a
SHH
245
_a
A Short History of Western Civilization
_c
Harrison,J.B
942
_2
udc
_c
BK
999
_c
54037
_d
54037